000 00240nam a2200097Ia 4500
001 697889
005 20250826162040.0
008 250824s9999 xx 000 0 und d
245 0 _aYÜZÜNCÜ AD
_cAMIN MAALOUF
260 _bYAPI KREDİ YAYINLARI
999 _c697889
_d697889